000 00595nam a2200229Ia 4500
003 OSt
005 20221005123926.0
006 a|||||r|||| 00| 0
007 ta
008 221004b |||||||| |||| 00| 0 guj d
024 _a46564
037 _cTextual
040 _aCRL
_cCRL
_bguj
041 _2guj
_aguj
082 _aO156,6M77x, G7.1
100 _aNahnalal Dalpatram
_9228406
245 0 _aManimahotsavna sahityabol
260 _c1959
650 _aGUJRATI LITERATURE
942 _hO156,6M77x, G7.1
_cTEXL
_2cc
999 _c1048959
_d1048959